| 000 | 01955nam a2200349 a 4500 | ||
|---|---|---|---|
| 005 | 20250329170942.0 | ||
| 006 | m d | ||
| 007 | cr cnu---uuuuu | ||
| 008 | 901116s2021 s 000 0 eng d | ||
| 020 | _a978-607-87-9-3558 | ||
| 040 |
_aCO-CtgCURN _bspa _ccoctgcurn |
||
| 082 | 0 | 4 |
_a306.850 _bS211 |
| 100 | 1 | _aSánchez Zepeda, Andrea Kenya. | |
| 245 | 1 | 0 |
_aFamilias y diversidad _h[electronic resource] / _cAndrea Kenya Sánchez Zepeda; Edgar Iván Zazueta Luzanilla; Luz María Galindo Vilchis; Tania Lizbeth Meléndez Elizalde. |
| 260 |
_aMéxico : _bUniversidad Nacional Autónoma de México, Escuela Nacional de Trabajo Social, Centro de Investigación y Estudios de Género, _c2021. |
||
| 300 |
_a232 páginas (EPUB) ; _c24 cm. |
||
| 336 |
_atexto _btxt _2rdacontent |
||
| 337 |
_aunmediated _bn _2rdamedia |
||
| 338 |
_avolume _bnc _2rdacarrier |
||
| 504 | _aIncluye referencias bibliograficas (p.266-268) e indices. | ||
| 520 | 8 | _a"Esta obra colectiva es el resultado de una iniciativa del área de Publicaciones de la Escuela Nacional de Trabajo Social, planteada en el 2010 en el marco de una política editorial de apertura, que buscaba motivar a la planta docente a realizar un esfuerzo de recuperación y sistematización de las prácticas escolares que forman parte del Plan de Estudios y que constituyen un espacio muy significativo en el proceso formativo de las y los estudiantes. " | |
| 650 | 0 | _aIntervención social. | |
| 650 | 0 | _aFamilia. | |
| 650 | 0 | _aHogares unipersonales. | |
| 650 | 0 | _aTrabajo social. | |
| 700 | 1 | _aZazueta Luzanilla, Edgar Iván. | |
| 700 | 1 | _aGalindo Vilchis, Luz María. | |
| 700 | 1 | _aMeléndez Elizalde, Tania Lizbeth. | |
| 856 | 7 |
_uhttps://unicurn.sharepoint.com/:u:/s/biblioteca/EXK2p_epUAVKjbGYHSExc9MBLXQWTqgvASpVQpVnL7usWA?e=fYcLtP _zClic aqui para ver el texto completo |
|
| 942 |
_cCF _h306.850 _iS211 _2ddc |
||
| 999 |
_c6926 _d6926 |
||